BSOP header

The end of the ages has come : (Record no. 26202)

MARC details
000 -LEADER
fixed length control field 00734nam a2200181 4500
008 - FIXED-LENGTH DATA ELEMENTS--GENERAL INFORMATION
fixed length control field 060316s1985 pau b 001 0 eng
020 ## - INTERNATIONAL STANDARD BOOK NUMBER
International Standard Book Number 0800607538
082 00 - DEWEY DECIMAL CLASSIFICATION NUMBER
Classification number 236
Edition number 19
090 ## - LOCALLY ASSIGNED LC-TYPE CALL NUMBER (OCLC); LOCAL CALL NUMBER (OCLC)
Classification number (OCLC) (R) ; Classification number, CALL (RLIN) (NR) BS2545.E7
Local cutter number (OCLC) ; Book number/undivided call number, CALL (RLIN) Al5
100 1# - MAIN ENTRY--PERSONAL NAME
Personal name Allison, Dale C.
245 14 - TITLE STATEMENT
Title The end of the ages has come :
Remainder of title an early interpretation of the passion and resurrection of Jesus /
Statement of responsibility, etc Dale C. Allison, Jr.
260 ## - PUBLICATION, DISTRIBUTION, ETC. (IMPRINT)
Place of publication, distribution, etc Philadelphia :
Name of publisher, distributor, etc Fortress Press,
Date of publication, distribution, etc c1985.
300 ## - PHYSICAL DESCRIPTION
Extent xiii, 194 p. ;
Dimensions 24 cm.
504 ## - BIBLIOGRAPHY, ETC. NOTE
Bibliography, etc Includes bibliographical references and indexes.
630 04 - SUBJECT ADDED ENTRY--UNIFORM TITLE
Uniform title Bible.
Name of part/section of a work N.T.
General subdivision Criticism, interpretation, etc.
650 #4 - SUBJECT ADDED ENTRY--TOPICAL TERM
Topical term or geographic name as entry element Tribulation (Christian eschatology)
General subdivision Biblical teaching.
951 ## - EQUIVALENCE OR CROSS-REFERENCE-GEOGRAPHIC NAME/AREA NAME [OBSOLETE] [CAN/MARC only]
General subdivision 00032597
951 ## - EQUIVALENCE OR CROSS-REFERENCE-GEOGRAPHIC NAME/AREA NAME [OBSOLETE] [CAN/MARC only]
-- 29186
-- BS2545.E7/Al5
-- 070613111547375
-- 2000-12-21
-- GC
Holdings
Withdrawn status Lost status Damaged status Not for loan Home library Current library Shelving location Date acquired Accession number Shelving control number Total Checkouts Full call number Barcode Date last seen Price effective from Koha item type
        BSOP Library BSOP Library GC 12/21/2000 29186 127   BS2545.E7/Al5 00032597 02/23/2013 02/23/2013 Books
BSOP

Biblical Seminary of the Philippines
  All rights Reserved
  © 2024

CONTACT INFORMATION

Biblical Seminary of the Philippines,
  77-B Karuhatan Road, Valenzuela City,
  PHILIPPINES 1441
  Phone: +632 8292-6795 / 8292-6798
  Fax : +632 8292-6675
  Email: library@bsop.edu.ph